Институциональная экономика: учебник для бакалавров

Bibliographic Details
Main Author: Лебедева Н. Н. Надежда Николаевна
Other Authors: Николаева И. П. Ирина Павловна
Summary:Учебник написан в соответствии с требованиями Федеральных государственных образовательных стандартов высшего профессионального образования третьего поколения. В учебнике изложены основные положения базового учебного курса институциональной экономической теории. Раскрываются сущность и причины формирования институтов. Рассмотрены основные направления институциональной теории — теория прав собственности, трансакционных издержек, теории контрактов, организации и фирмы, теории государства, определено влияние данных теоретических взглядов на развитие российской экономики. При написании учебника использовались последние публикации по данным проблемам. Для студентов бакалавриата, обучающихся по направлениям подготовки «Экономика» и «Менеджмент», а также для преподавателей и всех, кто интересуется проблемами институционального развития.
Language:Russian
Published: Москва, Дашков и К, 2015
Series:Учебные издания для бакалавров
Subjects:
Format: MixedMaterials Book
KOHA link:https://koha.lib.tpu.ru/cgi-bin/koha/opac-detail.pl?biblionumber=265448

MARC

LEADER 00000nam0a2200000 4500
001 265448
005 20231101233924.0
010 |a 9785394023132 
035 |a (RuTPU)RU\TPU\book\288449 
090 |a 265448 
100 |a 20140626d2015 m y0rusy50 ca 
101 0 |a rus 
102 |a RU 
105 |a a j 001zy 
200 1 |a Институциональная экономика  |e учебник для бакалавров  |f Н. Н. Лебедева, И. П. Николаева 
210 |a Москва  |c Дашков и К  |d 2015 
215 |a 207 с.  |c ил. 
225 1 |a Учебные издания для бакалавров 
320 |a Библиогр.: с. 207. 
330 |a Учебник написан в соответствии с требованиями Федеральных государственных образовательных стандартов высшего профессионального образования третьего поколения. В учебнике изложены основные положения базового учебного курса институциональной экономической теории. Раскрываются сущность и причины формирования институтов. Рассмотрены основные направления институциональной теории — теория прав собственности, трансакционных издержек, теории контрактов, организации и фирмы, теории государства, определено влияние данных теоретических взглядов на развитие российской экономики. При написании учебника использовались последние публикации по данным проблемам. Для студентов бакалавриата, обучающихся по направлениям подготовки «Экономика» и «Менеджмент», а также для преподавателей и всех, кто интересуется проблемами институционального развития. 
606 1 |a Институциональная экономика  |x Теория  |2 stltpush  |3 (RuTPU)RU\TPU\subj\58918  |9 76601 
610 1 |a институционализм 
610 1 |a экономические институты 
610 1 |a экономическое поведение 
610 1 |a собственность 
610 1 |a трансакционные издержки 
610 1 |a контракты 
610 1 |a теория организации 
610 1 |a фирмы 
610 1 |a корпорации 
610 1 |a рыночная система 
610 1 |a государство 
610 1 |a теневая экономика 
610 1 |a институциональная динамика 
610 1 |a институциональные изменения 
610 1 |a учебники 
686 |a У011я73  |v LBC/SL-A  |2 rubbk 
700 1 |a Лебедева  |b Н. Н.  |g Надежда Николаевна 
701 1 |a Николаева  |b И. П.  |g Ирина Павловна 
801 1 |a RU  |b 63413507  |c 20140626 
801 2 |a RU  |b 63413507  |c 20150622  |g RCR 
900 |a Институциональная экономика 
942 |c BK 
952 |b 080100  |b 080200  |l 8.1 
959 |a 110/20140626  |d 2  |e 187,00  |f ЧЗГЛ:1  |f АНЛ:1